000
00310nam a22001217a 4500
008
160505b xxu||||| |||| 00| 0 eng d
020
_a
9780073370934
020
_a
9780073370934
041
_a
eng
080
_a
61
245
_a
A Topical approach to life span development:
_c
John W. Santrock;
942
_2
udc
_c
BK
999
_c
1829
_d
1829